000 02893cam a22006017a 4500
003 CHAP
005 20220329140918.0
008 971013m us a rt 00010 eng d
010 _a59701
011 _a60673
035 _a64835
040 _cCHAP
082 _a634.907
_bF6
110 2 _aForest Research Institute. Wellington, New Zealand
_942333
245 1 0 _aReport
260 _aWellington, New Zeland :
_bForest Research Institute,
_c19 -
300 _av.
500 _a1996 título varía
500 _aLa biblioteca tiene : 1966, 1968, 1970, 1972-75, 1976, 1977, 1978, 1979, 1980, 1981, 1984, 1985, 1986, 1990-91, 1994, 1991-92, 1996
590 _aBATCH-UPD
_b10
_c20130110
_lUCH01
_h0923
590 _aBATCH-UPD
_b10
_c20130410
_lUCH01
_h0544
590 _aBATCH-UPD
_b10
_c20130914
_lUCH01
_h0717
590 _aBATCH-UPD
_b10
_c20130914
_lUCH01
_h2151
590 _aCONVERSION
_b10
_c20130109
_lUCH01
_h1332
650 1 4 _aÁrboles
_xEnfermedades.
_982436
650 1 4 _aÁrboles
_xPlagas.
_982440
650 1 4 _aBosques
_xInvestigación
_xNueva Zelanda.
_914304
650 1 4 _aGenética forestal.
_947489
650 1 4 _aProductos forestales.
_992059
650 1 4 _aSilvicultura
_xPublicaciones periódicas.
_9106124
790 _aScience report
901 _aBK
942 _cLIBRO
949 _a634.907 F6
_bBC
_cLIBRO
_d-142350
_eLIBRO
_f1975
_h41409
_i64835
_si
949 _a634.907 F6
_bBC
_cLIBRO
_d33724000131957
_eLIBRO
_f1974
_h41408
_i64835
_si
949 _a634.907 F6
_bBC
_cLIBRO
_d33724000173324
_eLIBRO
_f1969
_h41967
_i64835
_si
949 _a634.907 F6
_bBC
_cLIBRO
_d33724000231866
_eLIBRO
_f1966
_h41427
_i64835
_si
949 _a634.907 F6
_bBC
_cLIBRO
_d33724000231932
_eLIBRO
_f1968
_h41428
_i64835
_si
949 _a634.907 F6
_bBC
_cLIBRO
_d33724000231940
_eLIBRO
_f1973
_h41431
_i64835
_si
949 _a634.907 F6
_bBC
_cLIBRO
_d33724000231965
_eLIBRO
_f1976
_h43906
_i64835
_si
949 _a634.907 F6
_bBC
_cLIBRO
_d33724000231973
_eLIBRO
_f1970
_h41429
_i64835
_si
949 _a634.907 F6
_bBC
_cLIBRO
_d33724000231999
_eLIBRO
_f1981
_h58117
_i64835
_si
949 _a634.907 F6
_bBC
_cLIBRO
_d33724000232013
_eLIBRO
_f1979
_h54411
_i64835
_si
949 _a634.907 F6
_bBC
_cLIBRO
_d33724000232025
_eLIBRO
_f1972
_h41430
_i64835
_si
949 _a634.907 F6
_bBC
_cLIBRO
_d33724000232120
_eLIBRO
_f1985
_h69483
_i64835
_si
949 _a634.907 F6
_bBC
_cLIBRO
_d33724000232138
_eLIBRO
_f1990-91
_h81692
_i64835
_si
949 _a634.907 F6
_bBC
_cLIBRO
_d33724000232146
_eLIBRO
_f1984
_h65923
_i64835
_si
949 _a634.907 F6
_bBC
_cLIBRO
_d33724000232245
_eLIBRO
_f1991- 92
_h84071
_i64835
_si
949 _a634.907 F6
_bBC
_cLIBRO
_d33724000592010
_eLIBRO
_f1996
_h92933
_i64835
_kDonaciØn
_si
949 _a634.907 F6
_bBC
_cLIBRO
_d33724000639241
_eLIBRO
_f1986
_h71334
_i64835
_si
949 _a634.907 F6
_bBC
_cLIBRO
_d33724000639266
_eLIBRO
_f1978
_h14699
_i64835
_si
949 _a634.907 F6
_bBC
_cLIBRO
_d33724000708111
_eLIBRO
_f1994
_h94170
_i64835
_sb
999 _c59701
_d59701